|
|
|
|
| LEADER |
00000caa a22000002c 4500 |
| 001 |
1621440613 |
| 003 |
DE-627 |
| 005 |
20220606120910.0 |
| 007 |
tu |
| 008 |
071204s2001 xx ||||| 00| ||und c |
| 035 |
|
|
|a (DE-627)1621440613
|
| 035 |
|
|
|a (DE-576)274837471
|
| 035 |
|
|
|a (DE-599)BSZ274837471
|
| 040 |
|
|
|a DE-627
|b ger
|c DE-627
|e rakwb
|
| 100 |
1 |
|
|a Kestermann, Maria
|4 aut
|
| 245 |
1 |
0 |
|a "Integriert oder desintegriert?"
|b Die schulische Situation jugendlicher Spätaussiedler
|c Maria Kestermann
|
| 264 |
|
1 |
|c 2001
|
| 336 |
|
|
|a Text
|b txt
|2 rdacontent
|
| 337 |
|
|
|a ohne Hilfsmittel zu benutzen
|b n
|2 rdamedia
|
| 338 |
|
|
|a Band
|b nc
|2 rdacarrier
|
| 773 |
0 |
8 |
|i In
|t Migration und soziale Arbeit
|d Weinheim : Beltz Juventa, 1996
|g (2001), 2, Seite 37-43
|w (DE-627)198678517
|w (DE-600)1315280-4
|w (DE-576)052842509
|x 1432-6000
|7 nnas
|
| 773 |
1 |
8 |
|g year:2001
|g number:2
|g pages:37-43
|
| 889 |
|
|
|w (DE-576)455912122
|
| 951 |
|
|
|a AR
|
| ELC |
|
|
|b 1
|
| LOK |
|
|
|0 000 xxxxxcx a22 zn 4500
|
| LOK |
|
|
|0 001 3240341646
|
| LOK |
|
|
|0 003 DE-627
|
| LOK |
|
|
|0 004 1621440613
|
| LOK |
|
|
|0 005 20260225131914
|
| LOK |
|
|
|0 008 160208||||||||||||||||ger|||||||
|
| LOK |
|
|
|0 040
|a DE-21-110
|c DE-627
|d DE-21-110
|
| LOK |
|
|
|0 689
|a s
|a Integration
|
| LOK |
|
|
|0 689
|a s
|a Aussiedlerjugendliche
|
| LOK |
|
|
|0 689
|a s
|a Schule
|
| LOK |
|
|
|0 852
|a DE-21-110
|
| LOK |
|
|
|0 852 1
|m p
|9 00
|
| LOK |
|
|
|0 935
|a k110
|
| LOK |
|
|
|0 938
|k p
|
| LOK |
|
|
|0 939
|a 08-02-16
|b l01
|
| ORI |
|
|
|a WA-MARC-krimdoka001.raw
|